| Tag |
First Indicator |
Second Indicator |
Subfields |
| LEADER |
00000pam a2200000 a 4500 |
| 001 |
in00000076662 |
| 005 |
20151008053735.0 |
| 008 |
800814s1981 coua b 00110 engm |
| 010 |
|
|
|a 80021091
|
| 020 |
|
|
|a 0891589104 :
|c $22.00 (est.)
|
| 035 |
|
|
|a (OCoLC)06666719
|
| 035 |
|
|
|9 AAH8483AM
|
| 040 |
|
|
|a DLC
|c DLC
|d TXA
|d UtOrBLW
|
| 043 |
|
|
|a n-us---
|
| 049 |
|
|
|a TXAM
|c [1406712]
|
| 050 |
0 |
0 |
|a HD1761
|b .V63 1981
|
| 082 |
0 |
|
|a 338.1/6
|2 19
|
| 100 |
1 |
|
|a Vogeler, Ingolf.
|
| 245 |
1 |
4 |
|a The myth of the family farm :
|b agribusiness dominance of U.S. agriculture /
|c Ingolf Vogeler.
|
| 264 |
|
1 |
|a Boulder, Colo. :
|b Westview Press,
|c 1981.
|
| 300 |
|
|
|a xix, 352 pages :
|b illustrations ;
|c 24 cm.
|
| 336 |
|
|
|a text
|b txt
|2 rdacontent
|
| 337 |
|
|
|a unmediated
|b n
|2 rdamedia
|
| 338 |
|
|
|a volume
|b nc
|2 rdacarrier
|
| 490 |
0 |
|
|a A Westview Special study
|
| 504 |
|
|
|a Includes bibliographical references and index.
|
| 536 |
|
|
|a From the Library of Dr. James H. Copp, February, 2004.
|
| 650 |
|
0 |
|a Agriculture
|x Economic aspects
|z United States.
|
| 650 |
|
0 |
|a Agriculture and state
|z United States.
|
| 650 |
|
0 |
|a Family farms
|z United States.
|
| 650 |
|
0 |
|a Agricultural industries
|z United States.
|
| 999 |
|
|
|a MARS
|
| 999 |
f |
f |
|s e7418b1c-e4ee-37c0-82ea-a105d92eaaae
|i fe17a747-d1ad-37f5-ae95-4d34e0115516
|t 0
|
| 952 |
f |
f |
|p ric
|a Texas A&M University
|b Rellis Campus
|c Joint Library Facility
|d Remote Storage
|t 0
|e HD1761 .V63 1981
|h Library of Congress classification
|i unmediated -- volume
|m A14806126568
|
| 998 |
f |
f |
|a HD1761 .V63 1981
|t 0
|l Remote Storage
|